[Event "TCh-HUN 2017-18"]
[Site "Hungary HUN"]
[Date "2018.05.06"]
[Round "9.11"]
[White "Aczel, Gergely"]
[Black "Molnar, Jozsef"]
[Result "1-0"]
[WhiteTitle "IM"]
[WhiteElo "2573"]
[BlackElo "2109"]
[WhiteTeam "Aquaprofit-NTSK I"]
[BlackTeam "MTK Budapest"]
[WhiteFideId "727709"]
[BlackFideId "8401080"]
[EventDate "2017.11.25"]

1. d4 Nf6 2. c4 g6 3. f3 d5 4. cxd5 Nxd5 5. e4 Nb6 6. Nc3 Bg7 7. Be3 O-O 8. Qd2
Nc6 9. O-O-O f5 10. e5 Nb4 11. Nh3 Be6 12. Kb1 N4d5 13. Ng5 Nxc3+ 14. Qxc3 Bd5
15. h4 h5 16. Qc2 Qe8 17. Bd3 Rc8 18. f4 Qa4 19. b3 Qe8 20. g4 Qc6 21. Qxc6 Bxc6
22. gxh5 Bxh1 23. Rxh1 gxh5 24. Ne6 Nd5 25. Rg1 Rf7 26. Bd2 Kh8 27. Rg5 Bh6 28.
Rxh5 Kh7 29. Ng5+ Kg6 30. Rxh6+ Kxh6 31. Nxf7+ Kg6 32. Ng5 Rh8 33. Nf3 e6 34.
Kc2 Kh5 35. Ng5 Re8 36. Be2+ Kh6 37. a4 a6 38. Bf3 c6 39. a5 Nc7 40. Kd3 Re7 41.
Bb4 Re8 42. Kc4 Nb5 43. Kc5 Kg6 44. h5+ Kg7 45. Be1 Kf8 46. h6 Ke7 47. h7 Rd8
48. Bf2 Rh8 49. Kb6 Rb8 50. Be3 Nc3 51. Kc7 Rd8 52. Kxb7 Nd5 53. Bxd5 cxd5 54.
Bd2 Rh8 55. Kc7 1-0

[Event "TCh-HUN 2017-18"]
[Site "Hungary HUN"]
[Date "2018.05.06"]
[Round "9.1"]
[White "Berkes, Ferenc"]
[Black "Mihok, Oliver"]
[Result "1-0"]
[WhiteTitle "GM"]
[BlackTitle "GM"]
[WhiteElo "2653"]
[BlackElo "2543"]
[WhiteTeam "ASE Paks"]
[BlackTeam "Duocor-Makoi SVSE"]
[WhiteFideId "718572"]
[BlackFideId "728012"]
[EventDate "2017.11.25"]

1. d4 Nf6 2. Nf3 g6 3. c4 Bg7 4. Nc3 O-O 5. e4 d6 6. Be2 e5 7. O-O Nc6 8. d5 Ne7
9. Bg5 h6 10. Bxf6 Bxf6 11. b4 Bg7 12. c5 f5 13. Nd2 fxe4 14. Ndxe4 Nf5 15. Bg4
a5 16. b5 b6 17. c6 h5 18. Bh3 Qh4 19. Re1 Bh6 20. Ng3 Kg7 21. a4 Nd4 22. Bxc8
Raxc8 23. Ra2 Rf7 24. Nce2 Nxe2+ 25. Qxe2 Bf4 26. Nf1 Bh6 27. Ng3 Bf4 28. Nf1
Bh6 29. Qd3 Rcf8 30. Re4 Qd8 31. Rae2 Bf4 32. h3 Qc8 33. Qc3 Kh7 34. Rc4 Rf6 35.
Qd3 R8f7 36. Qe4 Kg7 37. Rc3 Qf5 38. Rf3 Qxe4 39. Rxe4 Rf5 40. Rc3 Bh6 41. Rc2
Bf4 42. g3 Bh6 43. Nh2 Kh7 44. Kg2 Kg7 45. Kf1 Kh7 46. Kg1 Kg7 47. Kg2 Kh7 48.
f3 R5f6 49. Kf2 Rf8 50. Ke2 R6f7 51. Rc3 Kg7 52. Rcc4 Kh7 53. Rc2 Kg7 54. Rb2
Bc1 55. Ra2 Bg5 56. Ra1 Bh6 57. Rf1 Kh7 58. Rg1 Rf6 59. Rh1 R6f7 60. Rf1 Kg7 61.
Rf2 Kh7 62. Nf1 Kg7 63. Nh2 Kh7 64. Kf1 Kg7 65. Kg2 Kh7 66. Rf1 Kg7 67. f4 exf4
68. g4 hxg4 69. hxg4 f3+ 70. Nxf3 Kg8 71. g5 Bxg5 72. Rg4 Bh6 73. Rxg6+ Kh7 74.
Rg3 Rf5 75. Rh1 Rxd5 76. Ng5+ Rxg5 77. Rxg5 Rf6 78. Kg3 Re6 79. Kf3 Kh8 80. Rgg1
Rf6+ 81. Ke4 Kh7 82. Kd5 Rf4 83. Rf1 Kg7 84. Rxf4 Bxf4 85. Ke6 d5 86. Rg1+ 1-0

[Event "TCh-HUN 2017-18"]
[Site "Hungary HUN"]
[Date "2018.05.06"]
[Round "9.2"]
[White "Popovic, Dusan"]
[Black "Perunovic, Milos"]
[Result "1/2-1/2"]
[WhiteTitle "GM"]
[BlackTitle "GM"]
[WhiteElo "2525"]
[BlackElo "2612"]
[WhiteTeam "Duocor-Makoi SVSE"]
[BlackTeam "ASE Paks"]
[WhiteFideId "927031"]
[BlackFideId "921629"]
[EventDate "2017.11.25"]

1. e4 c5 2. Nf3 Nc6 3. Bb5 e6 4. O-O Nge7 5. c3 a6 6. Ba4 b5 7. Bc2 Bb7 8. Qe2
d5 9. e5 d4 10. Be4 Nd5 11. d3 Be7 12. Rd1 dxc3 13. bxc3 O-O 14. c4 Nb6 15. Na3 1/2-1/2

[Event "TCh-HUN 2017-18"]
[Site "Hungary HUN"]
[Date "2018.05.06"]
[Round "9.3"]
[White "Papp, Gabor1"]
[Black "Sipos, Istvan"]
[Result "1-0"]
[WhiteTitle "GM"]
[BlackTitle "IM"]
[WhiteElo "2603"]
[BlackElo "2468"]
[WhiteTeam "ASE Paks"]
[BlackTeam "Duocor-Makoi SVSE"]
[WhiteFideId "718602"]
[BlackFideId "720631"]
[EventDate "2017.11.25"]

1. e4 e5 2. Nf3 Nf6 3. Nxe5 d6 4. Nf3 Nxe4 5. Nc3 Nxc3 6. dxc3 Be7 7. Be3 O-O 8.
Qd2 Nd7 9. O-O-O c6 10. Kb1 d5 11. c4 Nb6 12. cxd5 Nxd5 13. Bc4 Bf5 14. Bxd5
cxd5 15. Qxd5 Qc8 16. Nd4 Bg6 17. h4 Rd8 18. Qb3 h6 19. h5 Bh7 20. Rd2 a5 21. a4
Bb4 22. Re2 Qd7 23. Ka1 Rac8 24. c3 Bf8 25. Rd2 Qd5 26. Qxd5 Rxd5 27. Ka2 Re5
28. Bf4 Re4 29. g3 Ree8 30. f3 f6 31. Nb5 Red8 32. Rhd1 Rxd2 33. Rxd2 Bf5 34.
Bd6 Be6+ 35. b3 Rd8 36. Rd4 Bf7 37. g4 f5 38. Bxf8 Rxf8 39. Nd6 fxg4 40. fxg4
Be6 41. Nxb7 Rf2+ 42. Ka3 Rg2 43. Nxa5 Bxg4 44. b4 Bxh5 45. b5 Rg6 46. Nc6 1-0

[Event "TCh-HUN 2017-18"]
[Site "Hungary HUN"]
[Date "2018.05.06"]
[Round "9.4"]
[White "Csonka, Balazs"]
[Black "Sedlak, Nikola"]
[Result "1/2-1/2"]
[WhiteTitle "FM"]
[BlackTitle "GM"]
[WhiteElo "2451"]
[BlackElo "2552"]
[WhiteTeam "Duocor-Makoi SVSE"]
[BlackTeam "ASE Paks"]
[WhiteFideId "742910"]
[BlackFideId "922900"]
[EventDate "2017.11.25"]

1. Nf3 d5 2. d4 Bf5 3. c4 e6 4. Nc3 Bb4 5. g3 dxc4 6. Qa4+ Nc6 7. Bg2 Be4 8. O-O
Bxc3 9. bxc3 Qd5 10. Bf4 Ne7 11. Bxc7 O-O 12. Ne1 b5 13. Qa6 Rfc8 14. Bf4 b4 15.
f3 Bg6 16. e4 Qd8 17. Nc2 bxc3 18. Rfd1 Nd5 19. exd5 Bxc2 20. dxc6 Bxd1 21. Rxd1
c2 22. Rf1 Qxd4+ 23. Kh1 Qc5 24. Qa4 c3 25. Bc1 Rab8 26. f4 Rb2 27. Be4 f5 28.
Bxb2 cxb2 29. Qxc2 Qxc2 30. Bxc2 Rxc6 31. Bb1 Rc1 32. Kg2 h6 33. Kf2 g5 34. Re1
Kf7 35. Bd3 Rc3 36. Ke2 Ra3 37. Kd2 Rxa2 38. Kc2 1/2-1/2

[Event "TCh-HUN 2017-18"]
[Site "Hungary HUN"]
[Date "2018.05.06"]
[Round "9.5"]
[White "Acs, Peter"]
[Black "Farkas, Tibor"]
[Result "1/2-1/2"]
[WhiteTitle "GM"]
[BlackTitle "IM"]
[WhiteElo "2588"]
[BlackElo "2315"]
[WhiteTeam "ASE Paks"]
[BlackTeam "Duocor-Makoi SVSE"]
[WhiteFideId "708020"]
[BlackFideId "933333"]
[EventDate "2017.11.25"]

1. e4 c5 2. Nf3 d6 3. d4 cxd4 4. Nxd4 Nf6 5. Nc3 a6 6. g3 g6 7. Bg2 Bg7 8. O-O
O-O 9. h3 Bd7 10. a4 Nc6 11. Nb3 Na5 12. Nxa5 Qxa5 13. Bd2 Qc7 14. a5 Rac8 15.
Be3 Be6 16. Bb6 Qb8 17. Na4 Nd7 18. Be3 Bc4 19. Re1 Bb5 20. c3 Ne5 21. Nb6 Rcd8
22. Qb3 Nd7 23. c4 Bc6 24. Rab1 Nxb6 25. Bxb6 Rde8 26. c5 Rc8 27. Qe3 dxc5 28.
Bxc5 Rfe8 29. b4 e6 30. h4 h5 31. Bb6 Bb5 32. e5 Bf8 33. Red1 Bg7 34. f4 Bf8 35.
Rd4 Bc6 36. Bxc6 Rxc6 37. Rbd1 Qc8 38. Kg2 Rc2+ 1/2-1/2

[Event "TCh-HUN 2017-18"]
[Site "Hungary HUN"]
[Date "2018.05.06"]
[Round "9.6"]
[White "Cabarkapa, Novak"]
[Black "Szabo, Krisztian1"]
[Result "1/2-1/2"]
[WhiteTitle "IM"]
[BlackTitle "GM"]
[WhiteElo "2432"]
[BlackElo "2498"]
[WhiteTeam "Duocor-Makoi SVSE"]
[BlackTeam "ASE Paks"]
[WhiteFideId "943746"]
[BlackFideId "722901"]
[EventDate "2017.11.25"]

1. b3 Nf6 2. Bb2 g6 3. e4 d6 4. g3 Bg7 5. Bg2 O-O 6. d4 e5 7. dxe5 Nfd7 8. Nc3
dxe5 9. Nf3 a5 10. h4 Nc6 11. Nb5 Na7 12. Nxa7 1/2-1/2

[Event "TCh-HUN 2017-18"]
[Site "Hungary HUN"]
[Date "2018.05.06"]
[Round "9.7"]
[White "Lizak, Peter"]
[Black "Tatar Kis, Szabolcs"]
[Result "1/2-1/2"]
[WhiteTitle "IM"]
[BlackTitle "IM"]
[WhiteElo "2471"]
[BlackElo "2378"]
[WhiteTeam "ASE Paks"]
[BlackTeam "Duocor-Makoi SVSE"]
[WhiteFideId "731595"]
[BlackFideId "702595"]
[EventDate "2017.11.25"]

1. d4 Nf6 2. Nc3 d5 3. Bf4 g6 4. e3 Bg7 5. h4 c6 6. Be2 h6 7. Qd2 Nbd7 8. Nf3
Ne4 9. Nxe4 dxe4 10. Ne5 Nxe5 11. Bxe5 Bxe5 12. dxe5 Qxd2+ 13. Kxd2 Be6 14. Kc3
O-O-O 15. Rad1 f5 16. exf6 exf6 17. b4 Kc7 18. a3 b6 19. Bc4 Bg4 20. Rxd8 Rxd8
21. Bf7 Bh5 22. Rg1 f5 23. Rf1 Rd7 24. Bc4 1/2-1/2

[Event "TCh-HUN 2017-18"]
[Site "Hungary HUN"]
[Date "2018.05.06"]
[Round "9.8"]
[White "Hajnal, Zoltan"]
[Black "Groszpeter, Attila"]
[Result "1/2-1/2"]
[WhiteTitle "IM"]
[BlackTitle "GM"]
[WhiteElo "2370"]
[BlackElo "2441"]
[WhiteTeam "Duocor-Makoi SVSE"]
[BlackTeam "ASE Paks"]
[WhiteFideId "717754"]
[BlackFideId "700053"]
[EventDate "2017.11.25"]

1. e4 c5 2. Nf3 d6 3. d4 cxd4 4. Nxd4 Nf6 5. Nc3 a6 6. h3 e5 7. Nb3 Be6 8. Be3
Nc6 9. Nd5 Bxd5 10. exd5 Ne7 11. c4 1/2-1/2

[Event "TCh-HUN 2017-18"]
[Site "Hungary HUN"]
[Date "2018.05.06"]
[Round "9.9"]
[White "Kaczur, Florian"]
[Black "Horvath, Zsolt"]
[Result "1/2-1/2"]
[WhiteTitle "IM"]
[BlackTitle "FM"]
[WhiteElo "2458"]
[BlackElo "2381"]
[WhiteTeam "ASE Paks"]
[BlackTeam "Duocor-Makoi SVSE"]
[WhiteFideId "705098"]
[BlackFideId "723070"]
[EventDate "2017.11.25"]

1. e4 c6 2. d4 d5 3. Nd2 dxe4 4. Nxe4 Nf6 5. Nxf6+ gxf6 6. c3 Qd5 7. Nf3 Bg4 8.
Be2 Rg8 9. Bf4 Qe4 10. Qd2 Nd7 11. Bg3 Bxf3 12. gxf3 Qf5 13. O-O-O Nb6 14. Rhe1
e6 15. Qd3 Qxd3 16. Bxd3 h5 17. Kc2 O-O-O 18. Bh4 Be7 19. Rg1 Nd5 20. Rg3 f5 21.
Rdg1 Rxg3 22. hxg3 Bxh4 23. gxh4 Kd7 24. Rg5 Rh8 25. Kd2 Ke7 26. c4 Nf6 27. Ke3
Rd8 28. Be2 a5 29. b3 Ra8 30. a3 Rh8 1/2-1/2

[Event "TCh-HUN 2017-18"]
[Site "Hungary HUN"]
[Date "2018.05.06"]
[Round "9.1"]
[White "Sadzikowski, Daniel"]
[Black "Pinter, Jozsef"]
[Result "1-0"]
[WhiteTitle "GM"]
[BlackTitle "GM"]
[WhiteElo "2587"]
[BlackElo "2539"]
[WhiteTeam "Dunaharaszti MTK"]
[BlackTeam "HUSI SC"]
[WhiteFideId "1132253"]
[BlackFideId "700045"]
[EventDate "2017.11.25"]

1. c4 Nf6 2. Nc3 c5 3. Nf3 Nc6 4. d4 cxd4 5. Nxd4 e6 6. a3 Bc5 7. Nb3 Be7 8. e4
b6 9. Be2 Bb7 10. f4 O-O 11. O-O d6 12. Be3 Nd7 13. Rc1 Nc5 14. Nd2 a5 15. b3
Bf6 16. Ndb1 Qe7 17. Bf3 Rfd8 18. Re1 Rab8 19. Nb5 Ba8 20. N1c3 Na7 21. Nd4 Nc6
22. Nxc6 Bxc6 23. Nd5 Bxd5 24. exd5 e5 25. b4 axb4 26. axb4 Nd7 27. Bf2 Qf8 28.
f5 g6 29. Be4 Bg5 30. Ra1 Qh6 31. Ra3 Nf6 32. Rh3 Qg7 33. Qe2 b5 34. c5 dxc5 35.
bxc5 Nxd5 36. Rd3 Nf4 37. Rxd8+ Bxd8 38. Qf3 Qf6 39. fxg6 hxg6 40. Bb7 Bc7 41.
Rb1 Rd8 42. Be4 Rd2 43. Kh1 Qe6 44. Be3 Rd8 45. Rd1 Rxd1+ 46. Qxd1 Qc4 47. Bc2
Kg7 48. Bb3 Qe4 49. Qf3 Qb1+ 50. Bd1 Nd3 51. Bg1 Nf4 52. g3 Ne6 53. h4 Nd4 54.
Bxd4 exd4 55. Kg2 d3 56. Kh3 Be5 57. h5 d2 58. Qe3 Qf5+ 59. Kg2 gxh5 60. Qxd2
Qe4+ 61. Bf3 Qg6 62. Qe1 Qg5 63. Kh3 b4 64. Bd1 f6 65. c6 Qc1 66. Qf1 b3 67. Qd3
b2 68. Qd7+ Kh6 69. c7 Qc3 70. Bf3 1-0

[Event "TCh-HUN 2017-18"]
[Site "Hungary HUN"]
[Date "2018.05.06"]
[Round "9.2"]
[White "Havasi, Gergo"]
[Black "Stevic, Hrvoje"]
[Result "1/2-1/2"]
[WhiteTitle "IM"]
[BlackTitle "GM"]
[WhiteElo "2377"]
[BlackElo "2601"]
[WhiteTeam "HUSI SC"]
[BlackTeam "Dunaharaszti MTK"]
[WhiteFideId "760293"]
[BlackFideId "14502569"]
[EventDate "2017.11.25"]

1. e4 e5 2. Nf3 Nc6 3. Nc3 Nf6 4. d4 exd4 5. Nxd4 Bb4 6. Nxc6 bxc6 7. Bd3 d5 8.
exd5 O-O 9. O-O cxd5 10. Bg5 c6 11. Qf3 Be7 12. h3 Nd7 13. Bxe7 Qxe7 14. Rfe1
Qg5 15. Na4 Nb6 16. Nc5 Nd7 17. Na4 Nb6 18. Nc5 Nd7 1/2-1/2

[Event "TCh-HUN 2017-18"]
[Site "Hungary HUN"]
[Date "2018.05.06"]
[Round "9.3"]
[White "Grigoriants, Sergey"]
[Black "Stankovic, Milos"]
[Result "1/2-1/2"]
[WhiteTitle "GM"]
[BlackTitle "IM"]
[WhiteElo "2558"]
[BlackElo "2396"]
[WhiteTeam "Dunaharaszti MTK"]
[BlackTeam "HUSI SC"]
[WhiteFideId "4130804"]
[BlackFideId "938190"]
[EventDate "2017.11.25"]

1. c4 Nf6 2. Nf3 g6 3. Nc3 d5 4. cxd5 Nxd5 5. h4 Bg7 6. e4 Nxc3 7. dxc3 Qxd1+ 8.
Kxd1 Bg4 9. Kc2 Nd7 10. Be3 O-O 11. Bc4 Nb6 12. Bb3 a5 13. a4 Rad8 14. Nd4 c5
15. Nf3 Rc8 16. Nd2 Be2 17. Rae1 Ba6 18. h5 Rc6 19. Kc1 Rd8 20. Rh3 1/2-1/2

[Event "TCh-HUN 2017-18"]
[Site "Hungary HUN"]
[Date "2018.05.06"]
[Round "9.4"]
[White "Savic, Miodrag R"]
[Black "Jovanovic, Zoran"]
[Result "1-0"]
[WhiteTitle "GM"]
[BlackTitle "GM"]
[WhiteElo "2511"]
[BlackElo "2540"]
[WhiteTeam "HUSI SC"]
[BlackTeam "Dunaharaszti MTK"]
[WhiteFideId "920479"]
[BlackFideId "14505320"]
[EventDate "2017.11.25"]

1. e4 g6 2. d4 c6 3. Nf3 Bg7 4. h3 d5 5. Nc3 dxe4 6. Nxe4 Nf6 7. Nxf6+ exf6 8.
Bc4 O-O 9. O-O a5 10. a4 Na6 11. c3 Nc7 12. Bf4 Nd5 13. Bh2 Be6 14. Nd2 f5 15.
Qb3 Qd7 16. Rfe1 Rfe8 17. Re2 Re7 18. Rae1 Rae8 19. Qa3 Qd8 20. Nf3 Bf8 21. Qb3
f6 22. Qd1 Bf7 23. Bd3 Bh6 24. Nd2 Rxe2 25. Rxe2 Rxe2 26. Bxe2 Nb6 27. Nf1 Nd5
28. Bf3 Qd7 29. c4 Nf4 30. Ne3 Ne6 31. d5 Ng5 32. d6 Nxf3+ 33. Qxf3 Bxe3 34.
Qxe3 Bxc4 35. Qc3 Bd5 36. Qxf6 Qe6 37. Qd8+ Kf7 38. Bg3 f4 39. Qc7+ Ke8 40. Qb8+
Kf7 41. Qc7+ Ke8 42. Bxf4 c5 43. f3 h5 44. Qxc5 Bc6 45. Qxa5 Qf6 46. Be5 Qg5 47.
Kh2 h4 48. Qc3 Kd7 49. Qd4 Ke6 50. Bf4 Qf6 51. Qxf6+ Kxf6 52. a5 Kf5 53. Bd2 Ke5
54. Bb4 Kd4 55. Be1 Kc5 56. Bxh4 Kxd6 57. Kg3 Bb5 58. Bg5 Kc5 59. h4 Kb4 60.
Bd2+ 1-0

[Event "TCh-HUN 2017-18"]
[Site "Hungary HUN"]
[Date "2018.05.06"]
[Round "9.5"]
[White "Gonda, Laszlo"]
[Black "Lajthajm, Borko"]
[Result "1-0"]
[WhiteTitle "GM"]
[BlackTitle "GM"]
[WhiteElo "2499"]
[BlackElo "2465"]
[WhiteTeam "Dunaharaszti MTK"]
[BlackTeam "HUSI SC"]
[WhiteFideId "720852"]
[BlackFideId "916358"]
[EventDate "2017.11.25"]

1. Nf3 Nf6 2. g3 c5 3. Bg2 Nc6 4. c4 e5 5. Nc3 a6 6. O-O d6 7. a3 Rb8 8. b4 cxb4
9. axb4 Nxb4 10. d4 Nc6 11. dxe5 Nxe5 12. c5 Qc7 13. Bg5 Nxf3+ 14. Bxf3 Be6 15.
Bxf6 gxf6 16. Qa4+ Kd8 17. Qd4 Be7 18. Rfd1 d5 19. Bxd5 Ke8 20. Ne4 Qe5 21. Qxe5
fxe5 22. Bxe6 fxe6 23. Rab1 Rg8 24. Rb6 Rg4 25. Nd6+ Kd7 26. Nf5+ Rd4 27. Nxd4
exd4 28. c6+ Kc7 29. Rxb7+ Rxb7 30. cxb7 Kxb7 31. Rxd4 Kc6 32. Kf1 a5 33. Ke1 e5
34. Re4 Kd5 35. f3 h5 36. Kd1 Ke6 37. Kc2 Kf6 38. Kb3 Bd8 39. Ka4 Bc7 40. Kb5
Bd8 41. g4 h4 42. h3 Bc7 43. e3 Ke6 44. Kc6 Bd8 45. f4 Bf6 46. f5+ Kf7 47. Kd7
Bg5 48. Rxe5 a4 49. e4 Bd2 50. Rd5 Bc3 51. e5 1-0

[Event "TCh-HUN 2017-18"]
[Site "Hungary HUN"]
[Date "2018.05.06"]
[Round "9.6"]
[White "Drazic, Sinisa"]
[Black "Flumbort, Andras"]
[Result "0-1"]
[WhiteTitle "GM"]
[BlackTitle "GM"]
[WhiteElo "2453"]
[BlackElo "2435"]
[WhiteTeam "HUSI SC"]
[BlackTeam "Dunaharaszti MTK"]
[WhiteFideId "901172"]
[BlackFideId "717274"]
[EventDate "2017.11.25"]

1. Nf3 c5 2. c4 Nc6 3. d4 cxd4 4. Nxd4 Nf6 5. Nc3 e6 6. a3 Bc5 7. Nb3 Be7 8. e4
d6 9. Be2 b6 10. Bf4 O-O 11. O-O Ba6 12. Re1 Ne5 13. Nd2 Qd7 14. Bf1 Rac8 15. b3
Rfd8 16. Bg3 Ng6 17. Rc1 d5 18. exd5 exd5 19. Nxd5 Nxd5 20. cxd5 Rxc1 21. Qxc1
Bxf1 22. Nxf1 Qxd5 23. b4 h5 24. h3 Bg5 25. Qc7 h4 26. Bh2 Qd7 27. Qc4 Rc8 28.
Qe4 a5 29. Kh1 axb4 30. axb4 b5 31. f4 Bf6 32. f5 Ne7 33. Ne3 Qd4 34. Qb1 Nd5
35. Bg1 Nxe3 36. Bxe3 Qd6 37. Bc5 Qd5 38. Rd1 Qc4 39. Rc1 Qd5 40. Re1 Ra8 41.
Qe4 Qxe4 42. Rxe4 Ra1+ 43. Kh2 Rf1 44. Bd4 Bg5 45. f6 gxf6 46. g3 hxg3+ 47. Kxg3
Kh7 48. Re7 Rd1 49. Bc5 Kg6 50. Rb7 f5 51. Rxb5 f4+ 52. Kg4 f5+ 53. Kf3 Rd3+ 54.
Kg2 Bh4 55. Rb6+ Kh5 56. Rd6 f3+ 57. Kh2 Rb3 58. Rd2 Bg5 59. Rd1 Bf4+ 60. Kg1
Bg3 61. Bd6 Kh4 62. Bxg3+ Kxg3 63. h4 Rb2 64. b5 Rg2+ 65. Kf1 Rh2 0-1

[Event "TCh-HUN 2017-18"]
[Site "Hungary HUN"]
[Date "2018.05.06"]
[Round "9.9"]
[White "Tompa, Janos"]
[Black "Fendrik, Lajos"]
[Result "1-0"]
[WhiteTitle "IM"]
[WhiteElo "2371"]
[BlackElo "2202"]
[WhiteTeam "Dunaharaszti MTK"]
[BlackTeam "HUSI SC"]
[WhiteFideId "700193"]
[BlackFideId "735701"]
[EventDate "2017.11.25"]

1. Nf3 Nf6 2. g3 d5 3. d3 c5 4. Bg2 Nc6 5. Nbd2 e5 6. e4 Be7 7. O-O O-O 8. Re1
d4 9. Nc4 Qc7 10. a4 Ne8 11. c3 Bg4 12. h3 Be6 13. cxd4 cxd4 14. Bd2 f6 15. Rc1
Qd7 16. Kh2 Nb4 17. Bf1 Na2 18. Ra1 Bxc4 19. dxc4 Nb4 20. a5 Na6 21. Ra4 Nc5 22.
Ra1 Nd6 23. Qc2 Ndxe4 24. Rxe4 Qf5 25. Bb4 Qxf3 26. Bg2 Qb3 27. Qxb3 Nxb3 28.
Bxe7 Nxa1 29. Bxf8 Nb3 30. Bb4 Rd8 31. Re1 b6 32. axb6 axb6 33. f4 exf4 34. Bd5+
Kh8 35. gxf4 g5 36. Be7 1-0

[Event "TCh-HUN 2017-18"]
[Site "Hungary HUN"]
[Date "2018.05.06"]
[Round "9.1"]
[White "Rapport, Richard"]
[Black "Nenezic, Marko"]
[Result "1-0"]
[WhiteTitle "GM"]
[BlackTitle "IM"]
[WhiteElo "2707"]
[BlackElo "2497"]
[WhiteTeam "HVSE-Infraplan"]
[BlackTeam "Aquarena Kobanya SC"]
[WhiteFideId "738590"]
[BlackFideId "912123"]
[EventDate "2017.11.25"]

1. e4 c5 2. Nc3 Nc6 3. Nge2 Nf6 4. d4 cxd4 5. Nxd4 e5 6. Ndb5 d6 7. Bg5 a6 8.
Na3 b5 9. Nd5 Be7 10. Bxf6 Bxf6 11. c4 b4 12. Nc2 O-O 13. g3 Rb8 14. Qd3 Bg5 15.
h4 Bh6 16. Bh3 Be6 17. Kf1 Qa5 18. Kg2 Qc5 19. Bf5 a5 20. Rhd1 Rb7 21. b3 Kh8
22. h5 Ra7 23. Qe2 Re8 24. Bxe6 fxe6 25. Nde3 Bxe3 26. Qxe3 Qxe3 27. Nxe3 Nd4
28. c5 dxc5 29. Rac1 Ne2 30. Rxc5 Nc3 31. Rd6 Kg8 32. Rxe5 Nxa2 33. Nc4 a4 34.
bxa4 Rxa4 35. Rdxe6 Rxe6 36. Rxe6 b3 37. Re8+ Kf7 38. Nd6+ Kf6 39. f4 g5 40. f5
b2 41. Re6+ 1-0

[Event "TCh-HUN 2017-18"]
[Site "Hungary HUN"]
[Date "2018.05.06"]
[Round "9.2"]
[White "Roganovic, Milos"]
[Black "Hracek, Zbynek"]
[Result "1/2-1/2"]
[WhiteTitle "GM"]
[BlackTitle "GM"]
[WhiteElo "2512"]
[BlackElo "2613"]
[WhiteTeam "Aquarena Kobanya SC"]
[BlackTeam "HVSE-Infraplan"]
[WhiteFideId "937614"]
[BlackFideId "300071"]
[EventDate "2017.11.25"]

1. e4 e5 2. Nf3 Nc6 3. Bc4 Bc5 4. d3 Nf6 5. O-O d6 6. c3 O-O 7. h3 h6 8. Re1 a5
9. d4 Bb6 10. dxe5 Nxe5 11. Nxe5 dxe5 12. Nd2 Qe7 13. Qe2 a4 14. Nf1 Be6 15. Be3
Bxe3 16. Nxe3 a3 17. Nd5 Bxd5 18. exd5 e4 19. bxa3 Qxa3 20. Bb3 1/2-1/2

[Event "TCh-HUN 2017-18"]
[Site "Hungary HUN"]
[Date "2018.05.06"]
[Round "9.3"]
[White "Ruck, Robert"]
[Black "Nagy, Gabor1"]
[Result "1-0"]
[WhiteTitle "GM"]
[BlackTitle "IM"]
[WhiteElo "2531"]
[BlackElo "2472"]
[WhiteTeam "HVSE-Infraplan"]
[BlackTeam "Aquarena Kobanya SC"]
[WhiteFideId "705713"]
[BlackFideId "737119"]
[EventDate "2017.11.25"]

1. e4 c5 2. Nf3 e6 3. d4 cxd4 4. Nxd4 Nc6 5. Nb5 d6 6. c4 Nf6 7. N1c3 a6 8. Na3
Be7 9. Be2 O-O 10. O-O b6 11. Be3 Nd7 12. Nc2 Bb7 13. Qd2 Rc8 14. Rac1 Qc7 15.
Rfd1 Nce5 16. Nd4 Qb8 17. b3 Rfe8 18. f3 Bd8 19. Kh1 Bc7 20. Rc2 Kh8 21. b4 Nf6
22. Rb1 d5 23. cxd5 exd5 24. Nxd5 Bxd5 25. exd5 Nxd5 26. Bg1 Rcd8 27. Bxa6 Rd6
28. Nb5 Rd7 29. Qc1 Nd3 30. Qd2 Ne5 31. Qc1 Nd3 32. Nxc7 Nxc1 33. Nxe8 Qxe8 34.
Rbxc1 Rd8 35. Rd2 b5 36. Rc5 Nc7 37. Bxb5 Nxb5 38. Rxd8 Qxd8 39. Rxb5 h6 40. a4
Qe8 41. Ra5 1-0

[Event "TCh-HUN 2017-18"]
[Site "Hungary HUN"]
[Date "2018.05.06"]
[Round "9.4"]
[White "Izsak, Gyula"]
[Black "Babula, Vlastimil"]
[Result "1/2-1/2"]
[WhiteTitle "IM"]
[BlackTitle "GM"]
[WhiteElo "2437"]
[BlackElo "2548"]
[WhiteTeam "Aquarena Kobanya SC"]
[BlackTeam "HVSE-Infraplan"]
[WhiteFideId "702234"]
[BlackFideId "301264"]
[EventDate "2017.11.25"]

1. Nf3 Nf6 2. d4 e6 3. c4 b6 4. Nc3 Bb7 5. e3 d5 6. Bd3 Be7 7. O-O O-O 8. b3
dxc4 9. Bxc4 a6 10. Bb2 b5 11. Bd3 Nbd7 12. Rc1 c5 13. a4 cxd4 14. Nxd4 Nc5 15.
Be2 b4 16. Nb1 Rc8 17. Nd2 Nd5 18. Nc4 Ne4 19. Bf3 Ndc3 20. Qc2 Bd5 21. Bxc3
Bxc4 22. bxc4 Nxc3 23. Bb7 Rxc4 24. Bxa6 Rc7 25. Qb3 Qa8 26. Bb5 Rfc8 27. Ra1
Qa5 28. Rfe1 Bf6 29. Bf1 Rd8 30. Nc2 Nd5 31. Nd4 Nc3 32. Nc2 Nd5 33. Nd4 Rc3 34.
Qb1 Bxd4 35. exd4 g6 36. g3 b3 37. Qb2 Rdc8 38. Reb1 Nb6 39. Bb5 Qb4 40. Ra3 Nd5
41. Bf1 Qxd4 42. Rxb3 Qxa4 43. Rb8 Qa7 44. Bg2 Ne7 45. Qxc3 Rxb8 46. Rxb8+ Qxb8
47. Be4 Qd6 48. Kg2 e5 49. Kg1 Qe6 50. Qc5 Kg7 51. Qc7 Ng8 52. Bd3 Qe7 53. Qc6
Nf6 54. Bc4 h5 55. Be2 Qb4 56. Kg2 Qe4+ 57. Qxe4 Nxe4 58. h4 Nd2 59. f3 f5 60.
Kf2 Kf6 61. Ke3 Nb3 62. f4 e4 63. Bc4 Nc5 64. Kd4 Ne6+ 65. Ke3 Ke7 66. Bb5 Nc7
67. Bc4 Ne8 68. Bb3 Nd6 69. Kd4 Kd8 70. Bd1 Kc7 71. Be2 Kb6 72. Bd1 Ka5 73. Kc5
Nb5 74. Kc4 Kb6 75. Be2 Kc6 76. Bd1 Nc7 77. Ba4+ Kd6 78. Kd4 Ne6+ 79. Ke3 Ke7
80. Bb3 Ng7 81. Kd4 Ne8 82. Bc4 Nf6 83. Ke3 Ng4+ 84. Ke2 Nh6 85. Ke3 Kd6 86. Kd4
Kc6 87. Be2 Ng4 88. Bc4 Nh6 89. Be2 Nf7 90. Bc4 Nd6 91. Be2 Nb5+ 92. Kc4 Na3+
93. Kd4 Kd6 94. Ba6 Nc2+ 95. Kc3 Ne3 96. Kd4 Nd1 97. Bf1 Nf2 98. Bg2 Kc6 99. Ke3
Ng4+ 100. Kd4 Kb5 101. Bf1+ Kb4 102. Bc4 e3 103. Be2 Kb3 104. Kd3 Kb4 105. Bf3
Kc5 106. Be2 Kd5 107. Bf3+ Kc5 108. Be2 Kd5 1/2-1/2